[Event "9th Nana Aleksandria Cup"]
[Site "Poti GEO"]
[Date "2014.07.16"]
[Round "5.9"]
[White "Soysal, Serkan"]
[Black "Shahinyan, David"]
[Result "1/2-1/2"]
[BlackTitle "FM"]
[WhiteElo "2198"]
[BlackElo "2396"]
[WhiteFideId "6349250"]
[BlackFideId "13304380"]
[EventDate "2014.07.13"]

1. e4 e6 2. d4 d5 3. e5 c5 4. c3 Nc6 5. Nf3 Qb6 6. a3 Nh6 7. b4 cxd4 8. cxd4 Nf5
9. Be3 Bd7 10. Nc3 Nxe3 11. fxe3 Nxb4 12. Na4 Bxa4 13. Qxa4+ Nc6 14. Bd3 Qa5+
15. Qxa5 Nxa5 16. Bb5+ Nc6 17. O-O Be7 18. Rab1 O-O-O 19. Rfc1 Kc7 20. Rc3 Rc8
21. Nd2 a6 22. Bxc6 bxc6 23. Nb3 Kd7 24. Na5 Rc7 25. Rb6 c5 26. dxc5 Bxc5 27.
Rxa6 Rb8 28. Nb3 Bb6 29. Rxc7+ Kxc7 30. Nd4 Kb7 31. Ra4 Ra8 32. Rxa8 Kxa8 33.
Kf2 Kb7 34. Nf3 h6 35. g4 Bc5 36. a4 Kb6 37. Ke2 Ka5 38. Kd3 Kxa4 39. e4 Kb5 40.
g5 Kc6 41. gxh6 gxh6 42. h3 Ba3 43. Nh2 Kc5 44. h4 Bb2 45. Ng4 h5 46. Nh6 f6 47.
exd5 Kxd5 48. exf6 Bxf6 49. Nf7 Bxh4 50. Ke3 Bf6 51. Kf4 Kd4 52. Kf3 Be7 53. Kf4
h4 54. Kf3 h3 55. Kg3 Ke4 56. Kxh3 Kf4 57. Kg2 Bf6 58. Kf2 Ke4 59. Ke2 Be7 60.
Kf2 Bh4+ 61. Ke2 Bf6 62. Kf2 Kf4 63. Ke2 Be7 64. Kd3 Kf5 65. Ke2 Bc5 66. Nd8 e5
67. Nc6 e4 68. Na5 Bd6 69. Nb3 Bb4 70. Nd4+ Kf4 71. Nc6 Bc3 72. Ne7 Ke5 73. Ng6+
Kf5 74. Ne7+ Ke5 75. Ng6+ Kd4 76. Nf4 Bb4 77. Ne6+ 1/2-1/2

[Event "9th Nana Aleksandria Cup"]
[Site "Poti GEO"]
[Date "2014.07.16"]
[Round "5.10"]
[White "Beradze, Irakli"]
[Black "Hayrapetyan, Artavazd R."]
[Result "1-0"]
[WhiteElo "2379"]
[BlackElo "2249"]
[WhiteFideId "13604597"]
[BlackFideId "13304240"]
[EventDate "2014.07.13"]

1. e4 e6 2. d4 d5 3. Nd2 Nf6 4. Bd3 c5 5. e5 Nfd7 6. c3 Nc6 7. Ne2 cxd4 8. cxd4
a5 9. f4 g6 10. Nf3 h5 11. Be3 a4 12. a3 Nb6 13. Qc2 Be7 14. Nc3 Nc4 15. Bxc4
dxc4 16. O-O Qa5 17. Nd2 b5 18. Nde4 O-O 19. d5 exd5 20. Nxd5 Bf5 21. Nxe7+ Nxe7
22. Nf6+ Kg7 23. Qf2 Bd3 24. Bc5 Bxf1 25. Bxe7 Bd3 26. Qh4 Rh8 27. Nd5 Qa7+ 28.
Kh1 Qd4 29. Qf6+ Kg8 30. Nc7 Be4 31. e6 Qxf6 32. Bxf6 Kh7 33. e7 Rhc8 34. Nxa8
Rxa8 35. Re1 Bc6 36. Rd1 Re8 37. Kg1 g5 38. f5 g4 39. g3 b4 40. axb4 c3 41. bxc3
a3 42. Rd8 a2 43. c4 Rg8 44. Rxg8 1-0

[Event "9th Nana Aleksandria Cup"]
[Site "Poti GEO"]
[Date "2014.07.16"]
[Round "5.11"]
[White "Tutisani, Noe"]
[Black "Makharadze, Jambul"]
[Result "1/2-1/2"]
[WhiteElo "2128"]
[BlackElo "2334"]
[WhiteFideId "13602853"]
[BlackFideId "13601369"]
[EventDate "2014.07.13"]

1. e4 c5 2. Nf3 d6 3. d4 cxd4 4. Nxd4 Nf6 5. Nc3 a6 6. Bg5 Nc6 7. Qd2 h6 8. Bxf6
gxf6 9. O-O-O e6 10. f4 Bd7 11. g3 Qb6 12. Nb3 Na5 13. Kb1 Nxb3 14. axb3 O-O-O
15. Bc4 h5 16. Rhf1 h4 17. f5 hxg3 18. hxg3 Be7 19. Ne2 Rh2 20. Qc3 Kb8 21. Nf4
d5 22. exd5 exf5 23. d6 Bxd6 24. Qxf6 Bc7 25. Qxf7 Bxf4 26. gxf4 Bc8 27. Rxd8
Qxd8 28. Bd3 Rh6 29. Qg7 Qh8 30. Qe5+ Qxe5 31. fxe5 Rh5 32. Bc4 f4 33. e6 Re5
34. Rxf4 b5 35. Bd3 Bxe6 1/2-1/2

[Event "9th Nana Aleksandria Cup"]
[Site "Poti GEO"]
[Date "2014.07.16"]
[Round "5.12"]
[White "Sibashvili, Giorgi"]
[Black "Ghukasyan, Siranush"]
[Result "1-0"]
[WhiteElo "2283"]
[BlackElo "2019"]
[WhiteFideId "13602799"]
[BlackFideId "13300946"]
[EventDate "2014.07.13"]

1. d4 d5 2. c4 e6 3. Nc3 c6 4. Nf3 dxc4 5. a4 Bb4 6. Bd2 a5 7. e3 b5 8. axb5
Bxc3 9. Bxc3 cxb5 10. d5 Nf6 11. dxe6 Qxd1+ 12. Kxd1 Bxe6 13. Nd4 Bd7 14. Rxa5
Rxa5 15. Bxa5 Nc6 16. Nxc6 Bxc6 17. f3 Kd7 18. e4 Ra8 19. Bc3 Ne8 20. Kd2 g6 21.
h4 Nd6 22. g4 f5 23. gxf5 gxf5 24. Bh3 Kc7 25. e5 Nf7 26. Bxf5 b4 27. Bd4 Ra5
28. Re1 Rd5 29. Ke3 Nxe5 30. Be4 Ra5 31. Rc1 c3 32. bxc3 b3 33. Bxe5+ Rxe5 34.
Rb1 Ba4 35. Kd4 Rh5 36. Rh1 b2 37. Rb1 Rxh4 38. Rxb2 h5 39. Ke5 Rh1 40. Rb7+ Kc8
41. Ra7 Bb3 42. Rh7 h4 43. f4 Rc1 44. Kd6 Rd1+ 45. Kc5 Rf1 46. Rxh4 Kd7 47. Bd5
Bc2 48. c4 Ke7 49. Kd4 Rd1+ 50. Kc3 Bf5 51. Rh5 Kf6 52. Rh6+ Kg7 53. Rh1 Rd3+
54. Kb4 Kf6 55. Rf1 Bh3 56. Rf2 Bf5 57. Kc5 Bg6 58. f5 Bh5 59. Be6 Be8 60. Rc2
Ba4 61. Rc1 Be8 62. Kb6 Rb3+ 63. Kc7 Bh5 64. c5 Bf3 65. Bxb3 1-0

[Event "9th Nana Aleksandria Cup"]
[Site "Poti GEO"]
[Date "2014.07.16"]
[Round "5.13"]
[White "Khazhomia, Salome"]
[Black "Andreev, Eduard UKR"]
[Result "0-1"]
[WhiteTitle "WFM"]
[BlackTitle "GM"]
[WhiteElo "2128"]
[BlackElo "2493"]
[WhiteFideId "13603230"]
[BlackFideId "14103400"]
[EventDate "2014.07.13"]

1. d4 g6 2. c4 Bg7 3. Nc3 d6 4. Nf3 Nf6 5. e4 O-O 6. Be2 Bg4 7. Nd2 Bxe2 8. Qxe2
Nc6 9. Nb3 e5 10. dxe5 dxe5 11. Bg5 h6 12. Bxf6 Bxf6 13. O-O Nd4 14. Qg4 c6 15.
Rad1 h5 16. Qh3 Qe7 17. Rfe1 Rad8 18. Nxd4 Rxd4 19. b3 Rfd8 20. Qf3 Bg5 21. Rxd4
exd4 22. Nb1 d3 23. Rd1 d2 24. Qe2 Qe5 25. g3 Qb2 26. h4 Be7 27. g4 hxg4 28.
Qxg4 Qxa2 29. h5 g5 30. h6 Qxb3 31. Kg2 Qxc4 32. Rxd2 Rxd2 33. Nxd2 Qe6 34. Qg3
Kh7 35. e5 a5 36. f4 Qg6 37. Kf2 a4 38. Nf3 a3 39. fxg5 a2 0-1

[Event "9th Nana Aleksandria Cup"]
[Site "Poti GEO"]
[Date "2014.07.16"]
[Round "5.14"]
[White "Khomeriki, Nino"]
[Black "Chighladze, Iveri"]
[Result "1-0"]
[WhiteTitle "WFM"]
[BlackTitle "IM"]
[WhiteElo "2101"]
[BlackElo "2357"]
[WhiteFideId "13603191"]
[BlackFideId "13602039"]
[EventDate "2014.07.13"]

1. Nf3 g6 2. g3 Bg7 3. Bg2 Nf6 4. O-O O-O 5. c4 c6 6. d4 d5 7. Nc3 dxc4 8. Qc2
Nbd7 9. Rd1 Nb6 10. h3 h6 11. e4 a5 12. Be3 a4 13. g4 h5 14. g5 Ne8 15. Nh4 a3
16. b3 cxb3 17. Qxb3 Nd6 18. Nxg6 Re8 19. Nf4 Nbc4 20. g6 Rf8 21. e5 Nxe3 22.
fxe3 Nf5 23. gxf7+ Rxf7 24. d5 c5 25. d6 c4 26. Qb4 exd6 27. e6 Rf8 28. Qxc4
Nxe3 29. Qb3 Kh7 30. Ncd5 Nxd5 31. Rxd5 Rxf4 32. Rxh5+ Bh6 33. Qd3+ Kg7 34. Qg3+
Kf8 35. Rxh6 Qb6+ 36. Kh1 Qd4 37. Re1 Bxe6 38. Rhxe6 Rc8 39. Qg6 Rf7 40. Qh6+
Qg7 41. Qe3 Qb2 42. Bd5 1-0

[Event "9th Nana Aleksandria Cup"]
[Site "Poti GEO"]
[Date "2014.07.16"]
[Round "5.15"]
[White "Dilanyan, Grigor"]
[Black "Ghvamberia, Nika"]
[Result "1-0"]
[WhiteTitle "FM"]
[WhiteElo "2250"]
[BlackElo "2147"]
[WhiteFideId "13303570"]
[BlackFideId "13602128"]
[EventDate "2014.07.13"]

1. d4 Nf6 2. Nf3 d6 3. g3 Nbd7 4. Bg2 g6 5. O-O Bg7 6. b3 O-O 7. Bb2 c6 8. Nbd2
d5 9. c4 e6 10. Qc2 b6 11. a4 Bb7 12. a5 Rc8 13. axb6 axb6 14. Ra7 Qc7 15. Rfa1
Ra8 16. e4 dxe4 17. Nxe4 Nxe4 18. Qxe4 Rxa7 19. Rxa7 Qb8 20. Ra1 c5 21. Qe3 Rd8
22. Rd1 cxd4 23. Bxd4 Nc5 24. b4 e5 25. bxc5 exd4 26. Qe7 Re8 27. Qd7 bxc5 28.
Ng5 Bxg2 29. Qxf7+ Kh8 30. Kxg2 Qe5 31. Ra1 h6 32. Nf3 Qe4 33. Re1 Qxf3+ 34.
Kxf3 Rxe1 35. Qxg6 Rc1 36. Qe8+ Kh7 37. Qe4+ Kh8 38. Qa8+ Kh7 39. Qd5 Rc3+ 40.
Kg4 d3 41. Kh5 Ra3 42. Qxc5 d2 43. Qf5+ Kh8 44. Qc8+ Kh7 45. Qd7 Ra2 46. f4 Ra5+
47. Kg4 Ra2 48. c5 Ra5 49. c6 Rc5 50. Qd3+ Kh8 51. Qxd2 Rxc6 52. Qd5 Rf6 53. Kh5
Rf8 54. f5 Rf6 55. g4 Kh7 56. h4 Rb6 57. g5 hxg5 58. hxg5 Ra6 59. g6+ 1-0

[Event "9th Nana Aleksandria Cup"]
[Site "Poti GEO"]
[Date "2014.07.16"]
[Round "5.16"]
[White "Gavasheli, Ana"]
[Black "Vepkhvishvili, Varlam"]
[Result "1-0"]
[WhiteTitle "WIM"]
[BlackTitle "FM"]
[WhiteElo "2135"]
[BlackElo "2187"]
[WhiteFideId "13602586"]
[BlackFideId "13600524"]
[EventDate "2014.07.13"]

1. c4 Nf6 2. Nf3 g6 3. g3 Bg7 4. Bg2 O-O 5. Nc3 d6 6. d3 e5 7. e4 Nc6 8. O-O Bg4
9. h3 Be6 10. Nd5 Nd4 11. Nxd4 exd4 12. Nxf6+ Qxf6 13. f4 Qe7 14. f5 Bd7 15. Qf3
f6 16. g4 g5 17. h4 h6 18. hxg5 fxg5 19. Kf2 Be5 20. Rh1 Kg7 21. Bd2 Qf6 22. Rh3
Rh8 23. Rah1 b5 24. cxb5 Bxb5 25. Rh5 c5 26. Qh3 Kf7 27. Bf1 Kg7 28. Bxg5 Qxg5
29. Rxg5+ hxg5 30. Qg2 Rxh1 31. Qxh1 Rh8 32. Qf3 Rh2+ 33. Bg2 a6 34. b3 Bf4 35.
Kg1 Rh4 36. Bf1 Be3+ 37. Kg2 Kf6 38. a4 Be8 39. e5+ dxe5 40. Be2 Bf4 41. Qa8 Bf7
42. Qxa6+ Kg7 43. Qb7 Rh2+ 44. Kf1 e4 45. Qxe4 Bxb3 46. Qb7+ Bf7 47. Bf3 Rh8 48.
Bd5 Rf8 49. a5 Kg8 50. a6 1-0

[Event "9th Nana Aleksandria Cup"]
[Site "Poti GEO"]
[Date "2014.07.16"]
[Round "5.17"]
[White "Chkhaidze, Nikoloz"]
[Black "Zeynalli, Rashad"]
[Result "0-1"]
[WhiteElo "2182"]
[BlackElo "2093"]
[WhiteFideId "13601750"]
[BlackFideId "13403320"]
[EventDate "2014.07.13"]

1. Nf3 Nf6 2. c4 g6 3. d4 Bg7 4. g3 O-O 5. Bg2 c5 6. Nc3 cxd4 7. Nxd4 Qc7 8. Qd3
Nc6 9. Ndb5 Qa5 10. O-O Ne5 11. Qd4 d6 12. Bd2 Be6 13. Nd5 Qd8 14. Qh4 Rc8 15.
b3 Nxd5 16. cxd5 Bg4 17. Nd4 h5 18. h3 Qb6 19. hxg4 Qxd4 20. Be3 Qxg4 21. Qxe7
Qxe2 22. Qxd6 Rfd8 23. Qb4 Nf3+ 24. Bxf3 Qxf3 25. Rad1 Be5 26. d6 Bxg3 27. d7
Rc2 28. Rd4 Bc7 29. Bg5 Qh3 30. Bf4 Bxf4 31. Rxf4 Qxd7 32. Re1 Rxa2 33. Qe7 Qxe7
34. Rxe7 Rf8 35. Rxb7 f6 36. Rc4 Rf7 37. Rb8+ Kg7 38. Rcc8 Kh6 39. f4 Rd7 40.
Rh8+ Rh7 41. Rhf8 Rd7 42. Rh8+ Kg7 43. Rbg8+ Kf7 44. Rh7+ Kxg8 45. Rxd7 a5 46.
Ra7 Rb2 47. Rxa5 Rxb3 48. Kf2 Kf7 49. Kg2 h4 50. Kf2 Rg3 51. Rb5 g5 52. fxg5
fxg5 53. Rb6 Rd3 54. Rh6 Kg7 55. Ra6 h3 56. Kg1 g4 57. Kh2 Rd2+ 58. Kg3 Rg2+ 59.
Kf4 h2 60. Ra7+ Kg6 0-1

[Event "9th Nana Aleksandria Cup"]
[Site "Poti GEO"]
[Date "2014.07.16"]
[Round "5.18"]
[White "Basencyan, Mark"]
[Black "Keleptrishvili, Irakli"]
[Result "0-1"]
[WhiteElo "2170"]
[BlackElo "2056"]
[WhiteFideId "13300725"]
[BlackFideId "13605801"]
[EventDate "2014.07.13"]

1. d4 d5 2. c4 dxc4 3. Nf3 Nf6 4. e3 Bg4 5. Bxc4 e6 6. h3 Bh5 7. O-O a6 8. a3
Nc6 9. b4 Bd6 10. Nbd2 O-O 11. Bb2 Qe7 12. Qc2 Bg6 13. e4 e5 14. d5 Na7 15. Bd3
c6 16. Nc4 cxd5 17. Nxd6 Qxd6 18. Bxe5 Qc6 19. Qb2 dxe4 20. Rac1 Qd7 21. Bxf6
gxf6 22. Nh2 f5 23. Be2 Nc6 24. h4 h5 25. Rfd1 Qe7 26. g3 f4 27. Rc5 f3 28. Bc4
Rad8 29. Re1 Qd7 30. Rg5 Kh7 31. g4 f6 32. Rd5 Qg7 33. Nf1 Ne5 34. Rxe5 fxe5 35.
g5 Rf4 36. Ng3 e3 37. Be6 e2 38. Qc3 Rd1 39. Bb3 Rxe1+ 40. Qxe1 Qd7 41. Qc3 Qh3
42. Qc7+ Rf7 0-1

[Event "9th Nana Aleksandria Cup"]
[Site "Poti GEO"]
[Date "2014.07.16"]
[Round "5.19"]
[White "Babayan, Armine"]
[Black "Patsia, Zviad"]
[Result "0-1"]
[WhiteElo "2098"]
[BlackElo "2117"]
[WhiteFideId "13304135"]
[BlackFideId "13603485"]
[EventDate "2014.07.13"]

1. e4 Nf6 2. e5 Nd5 3. c4 Nb6 4. d4 d6 5. f4 dxe5 6. fxe5 c5 7. d5 e6 8. Nc3
exd5 9. cxd5 c4 10. Nf3 Bg4 11. Be3 Bb4 12. Bxb6 Qxb6 13. Qd4 Qxd4 14. Nxd4 Nd7
15. h3 Bh5 16. e6 Ne5 17. Kd2 O-O-O 18. a3 Rxd5 19. axb4 Rxd4+ 20. Ke3 Rd6 21.
Rxa7 Kb8 22. Ra5 Rxe6 23. Kf4 f6 24. g4 Bg6 25. Bg2 Nd3+ 26. Kg3 Nxb4 27. Rha1
Ra6 28. Rb5 Rxa1 29. Rxb7+ Kc8 30. Rxb4 Bd3 31. Nd5 Kd7 32. Nf4 Rc8 33. Nxd3
cxd3 34. Rd4+ Ke7 35. Rxd3 Rc2 36. Be4 Rg1+ 37. Kh4 Rxb2 38. Bxh7 Rb8 39. Kh5
Rh1 40. Re3+ Kd6 41. Bf5 Rxh3+ 42. Rxh3 Rh8+ 43. Kg6 Rxh3 44. Kxg7 Ke5 45. Kg6
Rf3 46. Bc8 Rf1 47. Bf5 Ra1 48. Bc8 Ra8 49. Bf5 Ra6 50. g5 Rb6 51. Bd3 f5+ 52.
Kh7 f4 53. g6 Kf6 54. Be4 Ra6 55. Kh6 Ra5 56. Bb7 Rg5 57. Be4 Rg3 58. Kh5 f3 59.
Kh4 f2 0-1

[Event "9th Nana Aleksandria Cup"]
[Site "Poti GEO"]
[Date "2014.07.16"]
[Round "5.20"]
[White "Imnadze, Nato"]
[Black "Qalagashvili, Pridon"]
[Result "1-0"]
[WhiteTitle "WFM"]
[WhiteElo "2101"]
[BlackElo "2117"]
[WhiteFideId "13600974"]
[BlackFideId "13601245"]
[EventDate "2014.07.13"]

1. e4 c5 2. Nf3 e6 3. d4 cxd4 4. Nxd4 a6 5. Bd3 Nf6 6. O-O d6 7. Qe2 Nbd7 8. c4
b6 9. f4 g6 10. Nc3 Qc7 11. Be3 Bg7 12. Rac1 O-O 13. b4 Bb7 14. Nb3 Rac8 15. h3
Qb8 16. Qf2 Qa8 17. Nd2 d5 18. e5 Ne4 19. Ndxe4 dxe4 20. Be2 g5 21. Qg3 gxf4 22.
Bxf4 Kh8 23. Rcd1 Rc7 24. Rd6 Rg8 25. Nd1 Nf8 26. Bh5 b5 27. c5 a5 28. a3 axb4
29. axb4 Qa4 30. Qc3 Ng6 31. Bxg6 hxg6 32. Ne3 Ra8 33. Nc2 Qa7 34. Bg5 Qb8 35.
Rfd1 Rc8 36. c6 Bf8 37. Qg3 Bxc6 38. Qh4+ Kg8 39. Bf6 Bg7 40. Rd8+ Rxd8 41.
Rxd8+ Qxd8 42. Bxd8 Bxe5 43. Bf6 Bxf6 44. Qxf6 Ra2 45. Ne3 Re2 46. Qg5 Rd2 47.
h4 Kf8 1-0

[Event "9th Nana Aleksandria Cup"]
[Site "Poti GEO"]
[Date "2014.07.17"]
[Round "6.1"]
[White "Alaverdyan, Gevorg"]
[Black "Golod, Vitali"]
[Result "0-1"]
[WhiteTitle "FM"]
[BlackTitle "GM"]
[WhiteElo "2355"]
[BlackElo "2565"]
[WhiteFideId "13303058"]
[BlackFideId "2804140"]
[EventDate "2014.07.13"]

1. Nf3 d5 2. g3 Bg4 3. Bg2 Nd7 4. c4 c6 5. Qb3 Qc7 6. d3 dxc4 7. Qxc4 Bxf3 8.
Bxf3 Ne5 9. Qf4 g6 10. Bg2 Bh6 11. Qd4 Bxc1 12. Qc3 Bh6 13. f4 Nd7 14. Qxh8 Nf6
15. Nd2 Kf8 16. Ne4 Bg7 17. Nxf6 Bxh8 18. Nxh7+ Ke8 19. Ng5 Bxb2 20. Rb1 Qa5+
21. Kf2 Bd4+ 22. e3 Qd2+ 23. Kf3 Qxe3+ 24. Kg4 Nf6+ 25. Kh3 Kf8 26. Rhe1 Kg7 27.
Bf1 0-1

[Event "9th Nana Aleksandria Cup"]
[Site "Poti GEO"]
[Date "2014.07.17"]
[Round "6.2"]
[White "Mgeladze, Tamaz"]
[Black "Babujian, Levon"]
[Result "0-1"]
[WhiteTitle "FM"]
[BlackTitle "GM"]
[WhiteElo "2325"]
[BlackElo "2469"]
[WhiteFideId "13601202"]
[BlackFideId "13301993"]
[EventDate "2014.07.13"]

1. c4 e5 2. g3 Nc6 3. Bg2 Nf6 4. Nf3 Bc5 5. O-O d6 6. Nc3 O-O 7. a3 a5 8. b3 h6
9. Bb2 e4 10. Ne1 Bf5 11. Nc2 Re8 12. Ne3 Bg6 13. Ncd5 Bd4 14. Qc2 Bxb2 15. Qxb2
Ne5 16. Nxf6+ Qxf6 17. Qc3 c6 18. b4 axb4 19. axb4 Rad8 0-1

[Event "9th Nana Aleksandria Cup"]
[Site "Poti GEO"]
[Date "2014.07.17"]
[Round "6.3"]
[White "Rasulov, Vugar"]
[Black "Hayrapetyan, Hovik"]
[Result "0-1"]
[WhiteTitle "GM"]
[BlackTitle "GM"]
[WhiteElo "2521"]
[BlackElo "2422"]
[WhiteFideId "13402390"]
[BlackFideId "13302639"]
[EventDate "2014.07.13"]

1. e4 c5 2. Nf3 e6 3. d4 cxd4 4. Nxd4 a6 5. Bd3 Nf6 6. O-O Qc7 7. Kh1 Nc6 8.
Nxc6 bxc6 9. f4 d5 10. e5 Nd7 11. c4 dxc4 12. Bxc4 Nb6 13. Nd2 Be7 14. Bd3 Bb7
15. Qe2 c5 16. Be4 O-O 17. Bxb7 Qxb7 18. Ne4 Rfd8 19. Bd2 Rd4 20. Ng3 Nd5 21.
Rab1 Qb5 22. Qe1 Bh4 0-1

[Event "9th Nana Aleksandria Cup"]
[Site "Poti GEO"]
[Date "2014.07.17"]
[Round "6.4"]
[White "Javakhadze, Zurab"]
[Black "Bajarani, Ulvi"]
[Result "0-1"]
[WhiteTitle "IM"]
[BlackTitle "GM"]
[WhiteElo "2428"]
[BlackElo "2486"]
[WhiteFideId "13603647"]
[BlackFideId "13403028"]
[EventDate "2014.07.13"]

1. d4 d5 2. c4 c6 3. Nf3 Nf6 4. Nbd2 g6 5. e3 Bg7 6. b4 O-O 7. Bb2 a5 8. b5 cxb5
9. cxb5 a4 10. Bd3 Ne8 11. O-O Nd6 12. Ba3 Bf5 13. Qb1 Re8 14. Rc1 e6 15. Ne1
Bf8 16. Bxf5 Nxf5 17. Bxf8 Rxf8 18. Qb4 Nd7 19. Nd3 Nb6 20. Rc3 Qd6 21. Nc5 Ra7
22. Rac1 Rfa8 23. Qb1 Qd8 0-1

[Event "9th Nana Aleksandria Cup"]
[Site "Poti GEO"]
[Date "2014.07.17"]
[Round "6.5"]
[White "Lorparizangeneh, Shahin"]
[Black "Beradze, Irakli"]
[Result "1/2-1/2"]
[WhiteTitle "FM"]
[WhiteElo "2259"]
[BlackElo "2379"]
[WhiteFideId "12521604"]
[BlackFideId "13604597"]
[EventDate "2014.07.13"]

1. d4 Nf6 2. c4 e6 3. Nc3 Bb4 4. Qc2 O-O 5. Nf3 c5 6. dxc5 Qa5 7. Bd2 Qxc5 8. e3
d5 9. a3 Bxc3 10. Bxc3 a5 11. Bxf6 gxf6 12. Rc1 dxc4 13. Qxc4 Qxc4 14. Bxc4 b6
15. Ke2 Ba6 16. Rhd1 Rc8 17. Nd2 Kg7 18. Bxa6 Nxa6 19. Nc4 Rc7 20. Nd6 Rxc1 21.
Rxc1 Nc5 22. Nc4 Nd7 23. Rd1 Ra7 24. Rd6 Rb7 25. b4 axb4 26. axb4 Kf8 27. Rc6
Ra7 28. f4 Ra2+ 29. Kf3 b5 30. Nb6 Rd2 31. Rc8+ Kg7 32. Nxd7 Rxd7 33. Rc5 Rb7
34. g4 Rb8 35. h3 Rb7 36. Kg3 Kg6 37. f5+ Kg7 38. Kf3 Rb8 39. Ke4 Re8 40. fxe6
fxe6 41. Rxb5 Rd8 42. Rb6 Kg6 43. Kf3 Kf7 44. h4 Rd1 45. h5 h6 46. Rb7+ Kg8 47.
b5 f5 48. gxf5 Rf1+ 49. Ke2 Rxf5 50. b6 Rb5 51. Kd3 1/2-1/2

[Event "9th Nana Aleksandria Cup"]
[Site "Poti GEO"]
[Date "2014.07.17"]
[Round "6.6"]
[White "Andreev, Eduard UKR"]
[Black "Sibashvili, Giorgi"]
[Result "1-0"]
[WhiteTitle "GM"]
[WhiteElo "2493"]
[BlackElo "2283"]
[WhiteFideId "14103400"]
[BlackFideId "13602799"]
[EventDate "2014.07.13"]

1. e4 e6 2. d4 d5 3. e5 c5 4. c3 Nc6 5. Nf3 Bd7 6. Be2 Nge7 7. O-O Nf5 8. dxc5
Bxc5 9. Bd3 Nh4 10. Nbd2 O-O 11. b4 Nxf3+ 12. Nxf3 Be7 13. Qc2 h6 14. Bf4 Rc8
15. Qd2 f5 16. exf6 Bxf6 17. b5 Na5 18. Rac1 Nc4 19. Qe2 Re8 20. Bg6 Re7 21. a4
e5 22. Bg3 Bg4 23. h3 Bxf3 24. gxf3 Qa5 25. Bc2 Nb6 26. Qd3 e4 27. fxe4 Rxc3 28.
Qd1 dxe4 29. Re1 Rd7 30. Qh5 Rd8 31. Rxe4 Rf8 32. Re8 Qb4 33. Rce1 Rxg3+ 34.
fxg3 Qd4+ 35. Kh1 Nd7 36. Qf5 Rxe8 37. Rxe8+ 1-0

[Event "9th Nana Aleksandria Cup"]
[Site "Poti GEO"]
[Date "2014.07.17"]
[Round "6.7"]
[White "Pantsulaia, Levan"]
[Black "Mikadze, Miranda"]
[Result "1/2-1/2"]
[WhiteTitle "GM"]
[BlackTitle "WIM"]
[WhiteElo "2591"]
[BlackElo "2240"]
[WhiteFideId "13602071"]
[BlackFideId "13603108"]
[EventDate "2014.07.13"]

1. Nf3 d5 2. g3 Nf6 3. Bg2 c6 4. c4 dxc4 5. O-O Be6 6. Na3 Bd5 7. Qc2 b5 8. b3
cxb3 9. axb3 Qb6 10. d3 c5 11. b4 e6 12. Be3 Nbd7 13. Rfc1 Rc8 14. bxc5 Qb7 15.
d4 Be7 16. Qb2 a6 17. Nc2 Be4 18. Nb4 Nb8 19. Bf4 Nd5 20. Bxb8 Nxb4 21. Be5 f6
22. Bxf6 Bxf6 23. Qxb4 O-O 24. Ne1 Bxg2 25. Nxg2 e5 26. Qb3+ Kh8 27. d5 1/2-1/2

[Event "9th Nana Aleksandria Cup"]
[Site "Poti GEO"]
[Date "2014.07.17"]
[Round "6.8"]
[White "Khomeriki, Nino"]
[Black "Quparadze, Giga"]
[Result "1/2-1/2"]
[WhiteTitle "WFM"]
[BlackTitle "IM"]
[WhiteElo "2101"]
[BlackElo "2504"]
[WhiteFideId "13603191"]
[BlackFideId "13602250"]
[EventDate "2014.07.13"]

1. Nf3 Nf6 2. g3 b6 3. Bg2 Bb7 4. d3 d5 5. Nbd2 g6 6. e4 dxe4 7. dxe4 Nxe4 8.
Ne5 Nc3 9. Bxb7 Nxd1 10. Bxa8 Bg7 11. Nd3 c6 12. O-O Qc8 13. Rxd1 Nd7 14. Bxc6
Qxc6 15. c3 h5 16. Nb4 Qe6 17. Nf3 Qe2 18. Rd3 a5 19. Bg5 axb4 20. Re3 Qxb2 21.
Rxe7+ Kf8 22. Rd1 Nf6 23. Ree1 Kg8 24. Rd8+ Kh7 25. Bc1 Rxd8 26. Bxb2 Nd5 27. c4
Bxb2 28. Rd1 Ra8 29. Rxd5 Rxa2 1/2-1/2

[Event "9th Nana Aleksandria Cup"]
[Site "Poti GEO"]
[Date "2014.07.17"]
[Round "6.9"]
[White "Benidze, Davit"]
[Black "Soysal, Serkan"]
[Result "1/2-1/2"]
[WhiteTitle "GM"]
[WhiteElo "2476"]
[BlackElo "2198"]
[WhiteFideId "13603086"]
[BlackFideId "6349250"]
[EventDate "2014.07.13"]

1. g3 Nf6 2. Bg2 d5 3. d3 g6 4. Nf3 Bg7 5. O-O O-O 6. Nbd2 d4 7. a4 Nc6 8. e4
dxe3 9. fxe3 e5 10. e4 Re8 11. Kh1 Bg4 12. h3 Be6 13. Kh2 h6 14. b3 Nd7 15. Nc4
Nd4 16. Be3 Nxf3+ 17. Bxf3 Qe7 18. Bg4 Nf8 19. Qd2 h5 20. Bg5 f6 21. Bxe6+ Nxe6
22. Be3 Qd7 23. Rf2 1/2-1/2

[Event "9th Nana Aleksandria Cup"]
[Site "Poti GEO"]
[Date "2014.07.17"]
[Round "6.10"]
[White "Shahinyan, David"]
[Black "Khurtsilava, Inga"]
[Result "1-0"]
[WhiteTitle "FM"]
[BlackTitle "WGM"]
[WhiteElo "2396"]
[BlackElo "2233"]
[WhiteFideId "13304380"]
[BlackFideId "13600419"]
[EventDate "2014.07.13"]

1. e4 c6 2. d4 d5 3. e5 Bf5 4. h4 h5 5. c4 e6 6. Nc3 Be7 7. Nge2 dxc4 8. Ng3 Bg4
9. Qd2 b5 10. a4 b4 11. Nce4 Qd5 12. f3 Bf5 13. Nxf5 exf5 14. Ng3 g6 15. Ne2 Qa5
16. Nf4 c3 17. Qe3 g5 18. Nd3 gxh4 19. e6 1-0

[Event "9th Nana Aleksandria Cup"]
[Site "Poti GEO"]
[Date "2014.07.17"]
[Round "6.11"]
[White "Makharadze, Jambul"]
[Black "Gavasheli, Ana"]
[Result "1-0"]
[BlackTitle "WIM"]
[WhiteElo "2334"]
[BlackElo "2135"]
[WhiteFideId "13601369"]
[BlackFideId "13602586"]
[EventDate "2014.07.13"]

1. d4 d5 2. Nf3 Nf6 3. c4 e6 4. Nc3 Be7 5. Bf4 O-O 6. e3 c5 7. dxc5 Bxc5 8. cxd5
exd5 9. Be2 Nc6 10. O-O a6 11. Rc1 Ba7 12. Ne5 Bb8 13. Nxc6 bxc6 14. Bxb8 Rxb8
15. Na4 Qd6 16. Qc2 a5 17. b3 Qb4 18. Rfd1 Rd8 19. Qc5 Qh4 20. Qxa5 1-0

[Event "9th Nana Aleksandria Cup"]
[Site "Poti GEO"]
[Date "2014.07.17"]
[Round "6.12"]
[White "Keleptrishvili, Irakli"]
[Black "Gholami, Aryan"]
[Result "1/2-1/2"]
[BlackTitle "FM"]
[WhiteElo "2056"]
[BlackElo "2265"]
[WhiteFideId "13605801"]
[BlackFideId "12513342"]
[EventDate "2014.07.13"]

1. e4 c5 2. Nf3 e6 3. d4 cxd4 4. Nxd4 a6 5. Bd3 Nf6 6. O-O Qc7 7. Qe2 Nc6 8. Be3
Ne5 9. h3 Be7 10. f4 Nxd3 11. cxd3 O-O 12. Nc3 d6 13. Rac1 Qd8 14. Qf2 Nd7 15.
b4 Bf6 16. Rc2 e5 17. Nf3 exf4 18. Bxf4 Ne5 19. Bxe5 dxe5 20. Nd5 Be6 21. Nxf6+
Qxf6 22. Qb6 Qd8 23. Qe3 1/2-1/2